00399 2200169 4500001002100000005001500021008004100036035002500077041000800102082000800110090000800118100001800126245003600144250001600180300002300196650001000219INLIS00000000000210120130515124320 ind  a0010-051300000002101 aind aFik aFik aBastian, Tito aWiro Sableng (Peri Angsa Putih) aCetakan : 1 a112 hlm. ;17,5 cm. aFiksi